Statistiques concernant Chansons française à compléter 2

Cliquez ici pour prendre le quiz!

Statistiques générales

  • Ce quiz a été pris 2 433 fois
    (2 408 depuis la dernière actualisation)
  • Le résultat moyen est 13 sur 20

Statistiques - réponses

% Correct
Prendre un enfant par lamainPour l'emmener vers demain
96%
Dans le port d'Amsterdam, y'a desmarinsqui chantent
92%
On passe sa vie à dire merci, merci àqui, à quoi?
89%
Monsieur le Président, je vous fais unelettreque vous lirez peut-être, si vous avez le temps
81%
Je viens du ciel et lesétoilesentre elles ne parlent que de toi
81%
C'est un fameux trois-mâts fin comme unoiseauHissez haut Santiano
81%
Belle. C'est un mot qu'on diraitinventépour elle
81%
Je m'lève et je tebousculetu n'te réveilles pas
80%
On a tous dans le coeur unepetitefille oubliée
76%
Elle était maquillée comme unestarde ciné, accoudée au juke-box
74%
Les portes dupénitencierbientôt vont se refermer
72%
J'avais dessiné, sur lesableson doux visage qui me souriait
66%
Pourtant, que lamontagneest belle
64%
Je t'emmènerais envoyagedans les plus beaux pays du monde
63%
Quand soudain, semblantcreverle ciel, et venant de nulle part, surgit un aigle noir
49%
On la trouvait plutôt jolieLilyElle arrivait des Somalies...
44%
Je dois juste m'asseoir, je ne dois pasparlerje ne dois rien vouloir, je dois juste...
43%
Là bas, tout estneufet tout est sauvage
42%
Il y en a qui contestent, qui revendiquent et quiprotestent, moi je ne fais qu'un seul geste: je retourne ma veste
35%
Y a tant d'amour, desouvenirsautour de toi, toi la mama
7%

Distribution des résultats

Percentile par nombre de réponses

% des personnes avec chaque résultat

Votre développement - résultats

Vous n’avez pas pris ce quiz depuis la dernière actualisation